书目信息 |
| 题名: |
诺曼底的六支军队
|
|
| 作者: | 基根 著 ;小小冰人 译 | |
| 分册: | ||
| 出版信息: | 北京 中国长安出版社 2015 |
|
| 页数: | 355页 | |
| 开本: | 23cm | |
| 丛书名: | ||
| 单 册: | ||
| 中图分类: | E195.2 | |
| 科图分类: | ||
| 主题词: | 美英联军诺曼第登陆作战(1944)--研究 | |
| 电子资源: | ||
| ISBN: | 978-7-5107-0873-2 | |
| 000 | 01285nam0 2200277 45 | |
| 001 | 012001005252 | |
| 005 | 20141008111241.0 | |
| 010 | @a978-7-5107-0873-2@dCNY109.80 | |
| 100 | @a20150601d2015 em y0chiy50 ea | |
| 101 | 1 | @achi@ceng |
| 102 | @aCN@b110000 | |
| 105 | @aab z 000yy | |
| 106 | @ar | |
| 200 | 1 | @a诺曼底的六支军队@9nuo man di de liu zhi jun dui@e从D日到巴黎解放(1944年6月6日-8月25日)@dSix armies in Normandy@efrom D-day to the liberation of Paris (June 6-Aug.25, 1944)@f(英)约翰·基根(John Keegan)著@g小小冰人译@zeng |
| 210 | @a北京@c中国长安出版社@d2015 | |
| 215 | @a355页@c图,地图@d23cm | |
| 300 | @a指文士兵系列 009 | |
| 330 | @a本书分为第二战线的由来、“全美国人”与“啸鹰”、赶往南岸的加拿大军队、苏格兰人走廊、英格兰义勇骑兵团、德国军队的荣誉、波兰人的战场、自由法国八章。 | |
| 510 | 1 | @aSix armies in Normandy@efrom D-day to the liberation of Paris (June 6-Aug.25, 1944)@zeng |
| 517 | 1 | @a从D日到巴黎解放(1944年6月6日-8月25日)@9cong D ri dao ba li jie fang(1944 nian 6 yue 6 ri-8 yue 25 ri) |
| 606 | 0 | @a美英联军诺曼第登陆作战(1944)@x研究 |
| 690 | @aE195.2@v5 | |
| 701 | 0 | @c(英)@a基根@9ji gen@c(Keegan, John)@4著 |
| 702 | 0 | @a小小冰人@9xiao xiao bing ren@4译 |
| 801 | 0 | @aCN@b上海新华@c20180901 |
| 905 | @b1173315-8@dE195.2@e107@f4 | |
| 诺曼底的六支军队:从D日到巴黎解放(1944年6月6日-8月25日)=Six armies in Normandy:from D-day to the liberation of Paris (June 6-Aug.25, 1944)/(英)约翰·基根(John Keegan)著/小小冰人译.-北京:中国长安出版社,2015 |
| 355页:图,地图;23cm |
| 指文士兵系列 009 |
| ISBN 978-7-5107-0873-2:CNY109.80 |
| 本书分为第二战线的由来、“全美国人”与“啸鹰”、赶往南岸的加拿大军队、苏格兰人走廊、英格兰义勇骑兵团、德国军队的荣誉、波兰人的战场、自由法国八章。 |
| ● |
| 相关链接 |
|
|
|
|
正题名:诺曼底的六支军队
索取号:E195.2/107
 
预约/预借
| 序号 | 登录号 | 条形码 | 馆藏地/架位号 | 状态 | 备注 |
| 1 | 1173315 | 211733150 | 第一样本阅览室/ [索取号:E195.2/107] | 在馆 | |
| 2 | 1173316 | 211733169 | 第一借阅区/ [索取号:E195.2/107] | 在馆 | |
| 3 | 1173317 | 211733178 | 第一借阅区/ [索取号:E195.2/107] | 在馆 | |
| 4 | 1173318 | 211733187 | 密集书库-资源管理系/ [索取号:E195.2/107] | 在馆 |